| 000 | 00985nam a22002531u 4500 | ||
|---|---|---|---|
| 001 | 05649 | ||
| 003 | HDC | ||
| 007 | cr bn ---aaaaa | ||
| 008 | 210120p2014 | d 00 engg | ||
| 040 | _aHDC | ||
| 100 |
_aAbdul Hafaz Ngah _eauthor _92941 |
||
| 245 | 0 |
_aBarriers and enablers in adopting Halal transportation services: A study of Malaysian Halal Manufacturers / by _cAbdul Hafaz Ngah, Yuserrie Zainuddin and Ramayah Thurasamy |
|
| 260 |
_a[no place] : _b[publisher not identified], _c2014 |
||
| 300 | _a 1 online resource (22 pages) | ||
| 336 |
_atext _2rdacontent |
||
| 337 |
_acomputer _2rdamedia |
||
| 338 |
_aonline resource _2rdacarrier |
||
| 650 |
_aHalal Manufacturers _zMalaysia _95930 |
||
| 650 |
_aHalal transportation _94577 |
||
| 856 | _zRequest full-text at [email protected] | ||
| 942 | _2lcc | ||
| 942 | _cAR | ||
| 942 | _kJART 001447 | ||
| 999 |
_c2973 _d2973 |
||